<?xml version="1.0" encoding="UTF-8"?>
<collection xmlns="http://www.loc.gov/MARC21/slim">
 <record>
  <leader>01524nam a2200229Ia 4500</leader>
  <controlfield tag="001">TDMU_32061</controlfield>
  <controlfield tag="008">210410s9999    xx            000 0 und d</controlfield>
  <datafield tag="082" ind1=" " ind2=" ">
   <subfield code="a">394.40899922</subfield>
  </datafield>
  <datafield tag="090" ind1=" " ind2=" ">
   <subfield code="b">L111</subfield>
  </datafield>
  <datafield tag="100" ind1=" " ind2=" ">
   <subfield code="a">LaViolette, Alyce D</subfield>
  </datafield>
  <datafield tag="245" ind1=" " ind2="0">
   <subfield code="a">It could happen to anyone</subfield>
  </datafield>
  <datafield tag="245" ind1=" " ind2="0">
   <subfield code="b">why battered women stay</subfield>
  </datafield>
  <datafield tag="245" ind1=" " ind2="0">
   <subfield code="c">Alyce D. LaViolette, Ola W. Barnett</subfield>
  </datafield>
  <datafield tag="260" ind1=" " ind2=" ">
   <subfield code="a">Los Angeles</subfield>
  </datafield>
  <datafield tag="260" ind1=" " ind2=" ">
   <subfield code="b">Sage</subfield>
  </datafield>
  <datafield tag="260" ind1=" " ind2=" ">
   <subfield code="c">2014</subfield>
  </datafield>
  <datafield tag="300" ind1=" " ind2=" ">
   <subfield code="a">xix, 319 p.</subfield>
  </datafield>
  <datafield tag="520" ind1=" " ind2=" ">
   <subfield code="a">Includes bibliographical references and index; Neal A. Newfield, Ph.D., LICSW (Giver)</subfield>
   <subfield code="d">2017; Weaving the fabric of abuse: learned helplessness and learned hopelessness -- Institutional battering: the power of the patriarchy -- Victimization: why does it happen to her? -- Living with fear: the force that holds, molds, and controls -- Meltdown: the impact of stress and learned helplessness -- Catalysts for change -- Voices of hope: survivors speak -- Appendixes. Estimates of intimate partner violence -- Statistical data about violence against intimates -- A context-sensitive aggression scale -- Miscellaneous facts -- General learning information -- Specific learning experiments -- About the authors</subfield>
  </datafield>
  <datafield tag="650" ind1=" " ind2=" ">
   <subfield code="a">Abused wives</subfield>
   <subfield code="z">United States</subfield>
   <subfield code="v">Case studies; Abused women</subfield>
   <subfield code="z">United States</subfield>
   <subfield code="v">Case studies; Phụ nữ bị lạm dụng</subfield>
   <subfield code="z">Hoa Kỳ; Lạm dụng trong gia đình</subfield>
   <subfield code="x">Vợ</subfield>
  </datafield>
  <datafield tag="700" ind1=" " ind2=" ">
   <subfield code="a">Barnett, Ola W</subfield>
  </datafield>
  <datafield tag="856" ind1=" " ind2=" ">
   <subfield code="u">http://lrc.tdmu.edu.vn/opac/search/detail.asp?aID=2&amp;ID=32061</subfield>
  </datafield>
  <datafield tag="980" ind1=" " ind2=" ">
   <subfield code="a">Trung tâm Học liệu Trường Đại học Thủ Dầu Một</subfield>
  </datafield>
 </record>
</collection>
